| 000 | 004980000a22001930004500 | ||
|---|---|---|---|
| 001 | 002415 | ||
| 003 | MACL | ||
| 005 | 20150814163508.0 | ||
| 008 | 150814b xxu||||| |||| 00| 0 eng d | ||
| 040 |
_aMACL _cMACL |
||
| 041 | _aEnglish | ||
| 082 | _a410.54/MIR | ||
| 100 |
_aMiri, Mrinal _9750 |
||
| 245 |
_aLinguistic Situation In North -East India _cMrinal Miri |
||
| 260 |
_aNew Delhi _c2003 _bConcept Publishig Company, |
||
| 350 | _a250 | ||
| 650 |
_aLingustics _95218 |
||
| 942 |
_k411 _cBK _2ddc |
||
| 999 |
_c14327 _d14327 |
||